000 01285cam a2200253 a 4500
008 011108r20011794enk b 000 1 eng
020 _a0140437592
050 0 0 _aPZ1B77
_b.M97 2001 .m 2001
082 0 0 _a823/.6
100 1 _aRadcliffe, Ann Ward,
245 1 4 _aThe mysteries of Udolpho :
_ba romance /
_cAnn Radcliffe ; edited with an introduction and notes by Jacqueline Howard.
260 _aLondon ;
_aNew York :
_bPenguin Books,
_c2001.
300 _axxxix, 653 p. ;
440 0 _aPenguin classics
650 0 _aInheritance and succession
_vFiction.
650 0 _aGuardian and ward
_vFiction.
650 0 _aYoung women
_vFiction.
650 0 _aOrphans
_vFiction.
650 0 _aCastles
_vFiction.
700 1 _aHoward, Jacqueline.
856 4 2 _uhttp://www.loc.gov/catdir/enhancements/fy1203/2001277143-b.html
856 4 2 _uhttp://www.loc.gov/catdir/enhancements/fy1203/2001277143-d.html
942 _cBK
999 _c3720
_d3720